Counties of Ireland Quiz Stats

Quiz not verified by Sporcle

Challenge
Share
Tweet
Score 0/32 Timer 06:00
0 Plays Today
% Correct
Cork
96%
Donegal
95.2%
Antrim
93.9%
Galway
93.9%
Dublin
93.7%
Derry
93.1%
Waterford
91.4%
Mayo
91%
Down
90.8%
Kerry
90.8%
Clare
90.6%
Sligo
90.6%
Wexford
90.6%
Fermanagh
90.4%
Meath
90.4%
Armagh
90.1%
% Correct
Limerick
89.9%
Tyrone
88.7%
Tipperary
88.1%
Westmeath
88.1%
Louth
86%
Cavan
84.7%
Kilkenny
84.7%
Roscommon
84.5%
Wicklow
83.2%
Kildare
83%
Monaghan
82.6%
Offaly
80.7%
Laois
80.5%
Leitrim
79.7%
Carlow
76.3%
Longford
73.4%

You're not logged in!

Compare scores with friends on all Sporcle quizzes.
Join for Free
OR
Log In

You Might Also Like...

Show Comments

Extras

Created Jul 25, 2017ReportNominate
Tags:county, ireland

Top Quizzes Today


Score Distribution

Your Account Isn't Verified!

In order to create a playlist on Sporcle, you need to verify the email address you used during registration. Go to your Sporcle Settings to finish the process.

Report this User

Report this user for behavior that violates our Community Guidelines.

Details: